Za Sokolskym Praporem (Record n. 103444)

Dettagli MARC
000 -LEADER
fixed length control field 01043njm a2200289Ia 4500
001 - CONTROL NUMBER
control field B5060
003 - CONTROL NUMBER IDENTIFIER
control field IT-RoPAU
005 - DATE AND TIME OF LATEST TRANSACTION
control field 20220918181206.0
008 - FIXED-LENGTH DATA ELEMENTS--GENERAL INFORMATION
fixed length control field 131025s9999 xx 000 0 und d
040 ## - CATALOGING SOURCE
Original cataloging agency IT-RoPAU
040 ## - CATALOGING SOURCE
Transcribing agency IT-RoPAU
999 ## - SYSTEM CONTROL NUMBERS (KOHA)
Koha Dewey Subclass [OBSOLETE] n.d.
100 ## - MAIN ENTRY--PERSONAL NAME
Personal name Kmoch Frantisek
9 (RLIN) 28861
100 ## - MAIN ENTRY--PERSONAL NAME
Relator term Autore musica
9 (RLIN) 28862
100 ## - MAIN ENTRY--PERSONAL NAME
Miscellaneous information Codice autore musica SPICS: 25294
9 (RLIN) 28863
245 ## - TITLE STATEMENT
Title Za Sokolskym Praporem
250 ## - EDITION STATEMENT
Edition statement 1a ed.
260 ## - PUBLICATION, DISTRIBUTION, ETC. (IMPRINT)
Place of publication, distribution, etc. CZECHOSLOVA
260 ## - PUBLICATION, DISTRIBUTION, ETC. (IMPRINT)
Name of publisher, distributor, etc. GRAMOFONOVE ZAVODY LODENICE
Date of publication, distribution, etc. 1990 [1a Ed.:1990]
300 ## - PHYSICAL DESCRIPTION
Extent COMPACT DISC
300 ## - PHYSICAL DESCRIPTION
Dimensions 36 minuti (Testo: 0 pag.)
500 ## - GENERAL NOTE
General note Musica sinfonica.
505 ## - FORMATTED CONTENTS NOTE
Formatted contents note Za Sokolskym Praporem - Ceska Muzika - Hoj, Marenko - Muj Konicek - Andulko Safarova - Jarabacek - Lvi Silou - Hoj, Vzhuru, Pestry Sokole - Pode Mlejnem - Koline, Koline - Jara Mladi - Muziky, Mukiky - Sokolsky Den
511 ## - PARTICIPANT OR PERFORMER NOTE
Participant or performer note Vaclav Hybs Orchestra and Chorus diretti da Hybs Vaclav
650 ## - SUBJECT ADDED ENTRY--TOPICAL TERM
Topical term or geographic name as entry element SINFONICA [COMPACT DISC]
Relator term Codice MATERIA SPICS: 9949
9 (RLIN) 16800
942 ## - ADDED ENTRY ELEMENTS (KOHA)
Koha item type CD AUDIO
Source of classification or shelving scheme Dewey Decimal Classification
Dati di copia
Withdrawn status Lost status Damaged status Not for loan Home library Current library Date acquired Total Checkouts Full call number Date last seen Price effective from Koha item type Public note
    Buone Condizioni Not For Loan SPICS-MEDIATECA SPICS-MEDIATECA 25/10/2013   B5060 25/10/2013 25/10/2013 CD AUDIO Progr. Ins.: 598 / N.Vol.: 1 / Copie: 1 - Copia rara: n.d. / date import: 01.01.2014 - By Epidotti, Trombetti, Vaglietti
CREDITS: SOCIETA' SAN PAOLO Via A.Severo, 58 - ROMA (RM) & PERIODICI SAN PAOLO SRL Via Giotto, 36 MILANO & CISF Via Giotto, 36 MILANO & EDIZIONI SAN PAOLO SRL,  Piazza Soncino, 5 CINISELLO BALSAMO (MI) -- ITALY